00973cam a22002413a 450000100060000000300060000600500170001200800410002904000150007004200070008505000070009224502740009926000290037350600300040251600200043265300420045265300450049465300460053965300570058570000180064283000290066085600420068918183PGUSA20140828083403.0060415s2006||||xxu|||||s|||||000 | eng d aPGUSAbeng adc 4aSB10aTrees, Fruits and Flowers of Minnesota, 1916 :bEmbracing the Transactions of the Minnesota State Horticultural Society,Volume 44, from December 1, 1915, to December 1, 1916, Including the Twelve Numbers of "The Minnesota Horticulturist" for 1916h[electronic resource] bProject Gutenberg,c2006 aPublic domain in the USA. aElectronic text aGardening -- Minnesota -- Periodicals aHorticulture -- Minnesota -- Periodicals aFruit-culture -- Minnesota -- Periodicals aMinnesota State Horticultural Society -- Periodicals1 aLatham, A. W. 0aProject Gutenbergv1818340uhttp://www.gutenberg.org/ebooks/18183